NEURAL NETWORKS FUZZY LOGIC AND GENETIC ALGORITHMS (Record no. 32590)

MARC details
000 -LEADER
fixed length control field 00282nam a22001217a 4500
003 - CONTROL NUMBER IDENTIFIER
control field SGT
082 ## - DEWEY DECIMAL CLASSIFICATION NUMBER
Classification number 006,RAJ
100 ## - MAIN ENTRY--PERSONAL NAME
Personal name RAJASENKARAN. S.
245 ## - TITLE STATEMENT
Title NEURAL NETWORKS FUZZY LOGIC AND GENETIC ALGORITHMS
260 ## - PUBLICATION, DISTRIBUTION, ETC. (IMPRINT)
Place of publication, distribution, etc NEW DELHI
Name of publisher, distributor, etc PHI
Year of Publication 2011
300 ## - PAGE DESCRIPTION
No. of Pages 439
942 ## - ADDED ENTRY ELEMENTS (KOHA)
Source of classification or shelving scheme Dewey Decimal Classification
Koha item type Gifted Books
Holdings
Withdrawn status Lost status Source of classification or shelving scheme Damaged status Not for loan Home library Current library Shelving location Date acquired Vendor Name Cost, normal purchase price SGTU Full call number Accession No. (Barcode) Date last seen Bill Date Koha item type
    Dewey Decimal Classification     SGT Engineering Library SGT Engineering Library Text Book 27/08/2025 SPECIMEN COPY 325.00 SGTU 006,RAJ FE9340 27/08/2025 27/08/2025 Gifted Books
    Dewey Decimal Classification     SGT Engineering Library SGT Engineering Library Text Book 27/08/2025 SPECIMEN COPY 325.00 SGTU 006,RAJ FE9341 27/08/2025 27/08/2025 Gifted Books